<?xml version="1.0" encoding="UTF-8"?><?xml-stylesheet type="text/xsl" href="static/style.xsl"?><OAI-PMH xmlns="http://www.openarchives.org/OAI/2.0/" xmlns:xsi="http://www.w3.org/2001/XMLSchema-instance" xsi:schemaLocation="http://www.openarchives.org/OAI/2.0/ http://www.openarchives.org/OAI/2.0/OAI-PMH.xsd"><responseDate>2026-06-01T10:50:24Z</responseDate><request verb="GetRecord" identifier="oai:riuma.uma.es:10630/29723" metadataPrefix="marc">https://riuma.uma.es/rest/oai/request</request><GetRecord><record><header><identifier>oai:riuma.uma.es:10630/29723</identifier><datestamp>2026-02-03T11:23:38Z</datestamp><setSpec>com_10630_2254</setSpec><setSpec>col_10630_37953</setSpec></header><metadata><record xmlns="http://www.loc.gov/MARC21/slim" xmlns:dcterms="http://purl.org/dc/terms/" xmlns:doc="http://www.lyncode.com/xoai" xmlns:xsi="http://www.w3.org/2001/XMLSchema-instance" xsi:schemaLocation="http://www.loc.gov/MARC21/slim http://www.loc.gov/standards/marcxml/schema/MARC21slim.xsd">
   <leader>00925njm 22002777a 4500</leader>
   <datafield ind2=" " ind1=" " tag="042">
      <subfield code="a">dc</subfield>
   </datafield>
   <datafield ind2=" " ind1=" " tag="720">
      <subfield code="a">Farfán-Aguilar, Miguel Ángel</subfield>
      <subfield code="e">author</subfield>
   </datafield>
   <datafield ind2=" " ind1=" " tag="720">
      <subfield code="a">Duarte, Jesús</subfield>
      <subfield code="e">author</subfield>
   </datafield>
   <datafield ind2=" " ind1=" " tag="720">
      <subfield code="a">Fa, Julia E.</subfield>
      <subfield code="e">author</subfield>
   </datafield>
   <datafield ind2=" " ind1=" " tag="720">
      <subfield code="a">Real-Giménez, Raimundo</subfield>
      <subfield code="e">author</subfield>
   </datafield>
   <datafield ind2=" " ind1=" " tag="720">
      <subfield code="a">Vargas-Yañez, Juan Mario</subfield>
      <subfield code="e">author</subfield>
   </datafield>
   <datafield ind2=" " ind1=" " tag="260">
      <subfield code="c">2017</subfield>
   </datafield>
   <datafield ind2=" " ind1=" " tag="520">
      <subfield code="a">Wind power, as an alternative to fossil fuels, is increasingly common, and is expanding worldwide. Wind farms cause mortality of flying animals through collision with moving rotor blades, and from electrocution on associated power lines. Avian mortality rates have been estimated from birds collected under turbines over varying time intervals. However, without adequate and frequent monitoring, dead birds may be removed by scavengers and thus cause an underestimation of fatalities. In this paper, we tested experimentally for possible errors arising in avian mortality caused by the removal of carcasses by scavengers. At two different wind farms and associated power lines in southern Spain, we placed pigeon and quail carcasses to determine their disappearance&#xd;
rate. All dead pigeons were radio-tagged to estimate distances taken by scavengers. We found significant differences in carcass disappearance rates of pigeons and quails, and between wind farms and power lines but not between habitats. All quails and 45% of pigeon carcasses had disappeared by the third and fourteenth day, respectively. Less than half (40%) of the carcasses were&#xd;
found &lt; 100 m from where they were deposited. While scavenging losses may vary according to the location of the wind farm or power line, here we propose a method to estimate correctly the number of fatalities at any wind farm and power line. Using this method, we can improve our understanding of the real impact of wind structures on adjacent bird communities, and adopt appropriate measures to ensure their conservation.</subfield>
   </datafield>
   <datafield ind1="8" ind2=" " tag="024">
      <subfield code="a">Farfán, M. A., Duarte, J., Fa, J. E., Real, R. y Vargas, J. M. (2017). Testing for errors in estimating bird mortality rates at wind farms and power lines. Bird Conservation International, 27(3): 431-439. doi:10.1017/S0959270916000460</subfield>
   </datafield>
   <datafield ind1="8" ind2=" " tag="024">
      <subfield code="a">https://hdl.handle.net/10630/29723</subfield>
   </datafield>
   <datafield ind1="8" ind2=" " tag="024">
      <subfield code="a">10.1017/S0959270916000460</subfield>
   </datafield>
   <datafield tag="653" ind2=" " ind1=" ">
      <subfield code="a">Aves - Mortalidad</subfield>
   </datafield>
   <datafield tag="653" ind2=" " ind1=" ">
      <subfield code="a">Líneas eléctricas aéreas - Efectos fisiológicos</subfield>
   </datafield>
   <datafield ind2="0" ind1="0" tag="245">
      <subfield code="a">Testing for errors in estimating bird mortality rates at wind farms and power lines</subfield>
   </datafield>
</record>
</metadata></record></GetRecord></OAI-PMH>